Izmenenije nervnoj sistemy pri sacharnom diabete /
Uložené v:
| Hlavný autor: | |
|---|---|
| Médium: | Kniha |
| Jazyk: | Russian |
| Vydané: |
Baku :
Azerbajdžanskoje gosudarstvennoje izdateľstvo,
1973.
|
| Vydanie: | 1. izd. |
| ISBN: |
(viaz.) |
| Fyzický popis: |
142 s. : obr. |
| Tagy: |
Pridať tag
Žiadne tagy, Buďte prvý kto otaguje tento záznam!
|
Titul je dostupný aj v ... 

MARC
| LEADER | 00000nam a2200000 a 4500 | ||
|---|---|---|---|
| 001 | 000118655 | ||
| 005 | 20091010201711.0 | ||
| 008 | 040101s1973 aj e rus d | ||
| 020 | |a (viaz.) | ||
| 040 | |a SVKKK |b slo |c SVKKK |e AACR2 | ||
| 041 | 0 | |a rus | |
| 044 | |a aj |c AZ | ||
| 100 | 1 | |a Mechtijeva, Zerenkiz Chelil |4 aut | |
| 245 | 1 | 0 | |a Izmenenije nervnoj sistemy pri sacharnom diabete / |c Zerenkiz Chelil Mechtijeva. |
| 250 | |a 1. izd. | ||
| 260 | |a Baku : |b Azerbajdžanskoje gosudarstvennoje izdateľstvo, |c 1973. | ||
| 300 | |a 142 s. : |b obr. | ||
| 910 | |a svkkk | ||
| 998 | |a BK | ||
| 090 | |g SCKHL |k Sklad Pribinova 2. posch. |a II.211114 |j 511497 |i 118655-10 |s Absenčne | ||